| 000 | 00535nam a2200205Ia 4500 | ||
|---|---|---|---|
| 003 | OSt | ||
| 005 | 20140311163135.0 | ||
| 008 | 140130s9999 xx 000 0 und d | ||
| 020 | _a9780060882815 | ||
| 050 |
_aPZ 7 _b.F85927Wil 2006 |
||
| 100 |
_aFrantz, Jennifer _931448 |
||
| 245 |
_cJennifer Frantz. _aCharlotte's web : _bwlibur finds a friend / |
||
| 260 |
_bScholastic, _c2006. _aNew York : |
||
| 300 |
_a32 p. : _bcol. ill. ; _c22 cm. |
||
| 440 | _v1 | ||
| 521 | _aG4 | ||
| 526 | _c680 | ||
| 942 |
_cBK _2lcc |
||
| 999 |
_c41631 _d41631 |
||